Normal view
MARC view
- Physical sciences
Entry Topical Term
001 - CONTROL NUMBER
- control field: 101555
003 - CONTROL NUMBER IDENTIFIER
- control field: NUST
005 - DATE AND TIME OF LATEST TRANSACTION
- control field: 20221027153916.0
008 - FIXED-LENGTH DATA ELEMENTS
- fixed length control field: 221027|| aca||aabn | a|a d
040 ## - CATALOGING SOURCE
- Original cataloging agency: NUST
- Transcribing agency: NUST
150 ## - HEADING--TOPICAL TERM
- Topical term or geographic name entry element: Physical sciences
- General subdivision: Juvenile literature
670 ## - SOURCE DATA FOUND
- Source citation: Work cat.: (NUST)179673: Williams, George A. 101554, Physical science /, c1979.
